000 02308nam a22002657a 4500
008 251023b |||||||| |||| 00| 0 eng d
020 _a9782381224312
040 _ctbs
041 _afre
_heng
050 _aPS3611.A4645
_bS73 2019
100 _aKamali, Marjan
_926301
_eauthor
240 _aStationery shop.
_lFrench
245 _aLa librairie de Téhéran
_c/ Marjan Kamali ; translated by Florence Moreau.
260 _aParis :
_bHauteville,
_c2021.
300 _a356 pages ;
_c18 cm.
520 _aTéhéran, 1953. Pour leur fille, les parents de Roya veulent le meilleur : ils l'inscrivent dans le meilleur lycée de la capitale, espérant bien faire d'elle la future Marie Curie de ce monde. Une savante, une intellectuelle, une femme capable de changer le cours de l'histoire. Après ses cours, la jeune fille fréquente régulièrement la librairie de M. Fakhri, où elle trouve de quoi étancher sa soif de poésie persane et de littérature étrangère. C'est là qu'elle va faire connaissance de Bahman, jeune activiste politique, bien décidé à changer le monde. La librairie de M. Fakhri devient dès lors un lieu de rencontre et de résistance. Dans cette période politiquement mouvementée, au milieu des recueils de Hafez, Rûmî et Khayyam, naît une inoubliable histoire d'amour.
520 _aTehran, 1953. Roya’s parents want the best for their daughter: they enroll her in the finest high school in the capital, hoping to make her the next Marie Curie—a scholar, an intellectual, a woman capable of changing the course of history. After class, the young girl often visits Mr. Fakhri’s bookshop, where she quenches her thirst for Persian poetry and foreign literature. It’s there that she meets Bahman, a young political activist determined to change the world. Mr. Fakhri’s bookshop soon becomes a gathering place for ideas and resistance. In this time of political upheaval, surrounded by the verses of Hafez, Rumi, and Khayyam, an unforgettable love story is born.
650 0 _aFamilies
_vFiction
_922172
650 0 _aManners and customs
_vFiction
_925571
650 0 _aFirst loves
_vFiction
_926302
650 0 _aBusiness enterprises
_vFiction
_926303
651 0 _aTehran (Iran)
_926304
651 0 _aIran
_xHistory
_xCoup d'état, 1953
_926305
942 _2lcc
999 _c5098
_d5098